Za zdravú prácu v horúcich prevádzkach

Bibliographic Details
Main Author: Hubač, Miroslav (Author)
Format: Book
Language:Undetermined
PhysicalDescription:31 s.
Published: Bratislava Zdravotnícka osveta 1965

MARC

LEADER 00000nam a2200000 a 4500
001 vtls001350386
003 SK-MaSNL
005 20260301010330.0
008 240318s1965 xx 0 und
035 |a SNK000303720 
040 |a SNK  |b slo  |c SNK  |e AACR2 
100 1 |a Hubač, Miroslav  |4 aut  |9 291977 
245 1 0 |a Za zdravú prácu v horúcich prevádzkach 
260 |a Bratislava  |b Zdravotnícka osveta  |c 1965 
300 |a 31 s. 
958 |a OND 
999 |c 547813  |d 549743 
952 |t P60, <04>, [BOOK], {604}  |a SNK  |b SNK  |y VYP  |7 0  |p 17A0173575  |o snkSD 27153 D1  |0 0  |1 0  |4 0  |d 1998-12-07  |l 0  |r 2005-01-02 00:00:00  |w 2026-02-23